| 000 | 02669cam a2200553 i 4500 | ||
|---|---|---|---|
| 001 | 19965475 | ||
| 003 | OSt | ||
| 005 | 20260429150814.0 | ||
| 008 | 170826s2014 th a b 101 0deng d | ||
| 010 | _a 2017355395 | ||
| 020 | _a9786169110866 | ||
| 035 | _a19965475 | ||
| 035 | _a(OCoLC)906205920 | ||
| 040 |
_aEYM _beng _cFoundation University |
||
| 041 | 0 |
_aeng _atha |
|
| 042 |
_alccopycat _alcode |
||
| 043 | _aas----- | ||
| 050 | 0 | 0 |
_aN 7311 _b.C65 2014 |
| 245 | 0 | 0 |
_aConcept, context, contestation : _bart and the collective in Southeast Asia, 13 December 2013-16 March 2014, 8th floor, Bangkok Art and Culture Centre / _cguest curators, Iola Lenzi (Singapore), Agung Hujatnikajennong (Indonesia), Vipash Purichanont (Thailand) ; editor, Iola Lenzi. |
| 264 | 1 |
_a[Bangkok] : _bMūnnithi Hō̜ Sinlapa Watthanatham hǣng Krung Thēp Mahā Nakhō̜n, _c2557 [2014] _42014 |
|
| 300 |
_a239 pages : _billustrations (chiefly color) ; _c31 cm _3books _fbooks |
||
| 336 |
_atext _btxt _2rdacontent _3books |
||
| 337 |
_aunmediated _bn _2rdamedia _3books |
||
| 338 |
_avolume _bnc _2rdacarrier _3books |
||
| 504 | _aIncludes bibliographical references and index. | ||
| 546 | _aEnglish and Thai. | ||
| 648 | 7 |
_a2000-2099 _2fast _96424 |
|
| 650 | 0 |
_aArt, Southeast Asian _y21st century _vExhibitions. _914833 |
|
| 650 | 0 |
_aArt, Modern _y21st century _vExhibitions. _912689 |
|
| 650 | 0 |
_aArt and society _zSoutheast Asia _vExhibitions. _915689 |
|
| 650 | 0 |
_aArtists _zSoutheast Asia _xBiography. _915690 |
|
| 650 | 7 |
_aArt and society. _2fast _0(OCoLC)fst00815432 _912701 |
|
| 650 | 7 |
_aArt, Modern. _2fast _0(OCoLC)fst00816615 _913050 |
|
| 650 | 7 |
_aArt, Southeast Asian. _2fast _0(OCoLC)fst00816896 _915691 |
|
| 650 | 7 |
_aArtists. _2fast _0(OCoLC)fst00817559 _914020 |
|
| 651 | 7 |
_aSoutheast Asia. _2fast _0(OCoLC)fst01240499 _913656 |
|
| 655 | 7 |
_aBiography. _2fast _0(OCoLC)fst01423686 _913277 |
|
| 655 | 7 |
_aExhibition catalogs. _2fast _0(OCoLC)fst01424028 _912632 |
|
| 655 | 7 |
_aExhibition catalogs. _2lcgft _0https://id.loc.gov/authorities/genreForms/gf2014026098 _912632 |
|
| 700 | 1 |
_aLenzi, Iola, _ecurator, _eeditor. _915692 |
|
| 700 | 1 |
_aHujatnikajennong, Agung, _d1976- _ecurator. _915693 |
|
| 700 | 0 |
_aWiphāt Phūrichānon, _ecurator. _915694 |
|
| 710 | 2 |
_aBangkok Art and Culture Centre, _eorganizer. _915695 |
|
| 710 | 2 |
_aBangkok Art and Culture Centre Foundation, _epublisher. _915696 |
|
| 906 |
_a7 _bcbc _ccopycat _d3 _encip _f20 _gy-gencatlg |
||
| 942 |
_2lcc _cBK _hN 7311 _i.2014 C65 _k(DAFA-FA) |
||
| 999 |
_c5813 _d5813 |
||